000 00571nam a2200181Ia 4500
003 GCL
008 140319s9999 xx 000 0 ara d
040 _aGCL /
_cGCL
082 0 4 _a252
_bم ا
100 1 _aمحمد على قطب
245 1 0 _aاركان الاسلام للاطفال /
_cمحمد على قطب
260 _aالقاهرة :
_bالمختار الاسلامى للطبع والنشر والتوزيع ،
_c1992
300 _a79 ص ؛
_c22 سم
490 _a
650 0 4 _aالاسلام
650 0 4 _aالاسلام - احكام
942 _2ddc
_cBK
999 _c53451
_d53451